MARC details
| 000 -LEADER |
| fixed length control field |
02355cam a2200625 a 4500 |
| 001 - CONTROL NUMBER |
| control field |
20507 |
| 003 - CONTROL NUMBER IDENTIFIER |
| control field |
VRT |
| 005 - DATE AND TIME OF LATEST TRANSACTION |
| control field |
20260123135649.0 |
| 008 - FIXED-LENGTH DATA ELEMENTS--GENERAL INFORMATION |
| fixed length control field |
240226s1974 xo grhn 001 0bslo |
| 015 ## - NATIONAL BIBLIOGRAPHY NUMBER |
| National bibliography number |
SNBA1974 |
| 020 ## - INTERNATIONAL STANDARD BOOK NUMBER |
| Qualifying information |
(viazané) |
| 035 ## - SYSTEM CONTROL NUMBER |
| System control number |
SNK000304881 |
| 035 ## - SYSTEM CONTROL NUMBER |
| System control number |
5CEF766A-DB93-437A-8F54-AB9B87DA5AB8 |
| 035 ## - SYSTEM CONTROL NUMBER |
| System control number |
urn:nbn:sk:snk-am00ikjc |
| 039 #9 - LEVEL OF BIBLIOGRAPHIC CONTROL AND CODING DETAIL [OBSOLETE] |
| Level of rules in bibliographic description |
202402261533 |
| Level of effort used to assign nonsubject heading access points |
VLOAD |
| Level of effort used to assign subject headings |
202305011837 |
| Level of effort used to assign classification |
VLOAD |
| Level of effort used to assign subject headings |
202304281438 |
| Level of effort used to assign classification |
VLOAD |
| Level of effort used to assign subject headings |
202304281104 |
| Level of effort used to assign classification |
VLOAD |
| 040 ## - CATALOGING SOURCE |
| Original cataloging agency |
SNK |
| Language of cataloging |
slo |
| Transcribing agency |
SNK |
| Description conventions |
AACR2 |
| 041 1# - LANGUAGE CODE |
| Language code of text/sound track or separate title |
slo |
| Language code of original |
rus |
| 044 ## - COUNTRY OF PUBLISHING/PRODUCING ENTITY CODE |
| MARC country code |
xo |
| ISO country code |
SK |
| 072 #7 - SUBJECT CATEGORY CODE |
| Subject category code |
929.5/.9 |
| Subject category code subdivision |
Genealógia. Heraldika. Šľachta. Vlajky |
| Source |
konspekt |
| 072 #7 - SUBJECT CATEGORY CODE |
| Subject category code |
929 |
| Subject category code subdivision |
Biografie |
| Source |
konspekt |
| 080 ## - UNIVERSAL DECIMAL CLASSIFICATION NUMBER |
| Universal Decimal Classification number |
929.731-055.1 |
| Edition identifier |
2011 |
| 080 ## - UNIVERSAL DECIMAL CLASSIFICATION NUMBER |
| Universal Decimal Classification number |
929(092) |
| Edition identifier |
2011 |
| 100 1# - MAIN ENTRY--PERSONAL NAME |
| Personal name |
Manfred, Aľbert Zacharovič, |
| Dates associated with a name |
1906-1976 |
| Relationship |
aut |
| 240 10 - UNIFORM TITLE |
| Uniform title |
Napoleon Bonapart |
| Language of a work |
Slovensky |
| 245 10 - TITLE STATEMENT |
| Title |
Napoleon Bonaparte |
| Statement of responsibility, etc. |
Albert Zacharovič Manfred ; [z ruského originálu Napoleon Bonapart ... preložila Oľga Gažová, Karol Šrámek] |
| 250 ## - EDITION STATEMENT |
| Edition statement |
1. vyd. |
| 260 ## - PUBLICATION, DISTRIBUTION, ETC. |
| Place of publication, distribution, etc. |
Bratislava |
| Name of publisher, distributor, etc. |
Pravda |
| Date of publication, distribution, etc. |
1974 |
| 300 ## - PHYSICAL DESCRIPTION |
| Extent |
692 strán |
| Dimensions |
20 cm |
| 490 1# - SERIES STATEMENT |
| Series statement |
Členská knižnica |
| 500 ## - GENERAL NOTE |
| General note |
Frontispice. Predsádky |
| 504 ## - BIBLIOGRAPHY, ETC. NOTE |
| Bibliography, etc. note |
Obsahuje bibliografické odkazy a menný register |
| 600 07 - SUBJECT ADDED ENTRY--PERSONAL NAME |
| Personal name |
Napoleon |
| Numeration |
I., |
| Titles and other words associated with a name |
francúzsky cisár, |
| Dates associated with a name |
1769-1821 |
| Source of heading or term |
SNKMA |
| 650 07 - SUBJECT ADDED ENTRY--TOPICAL TERM |
| Topical term or geographic name entry element |
panovníci |
| Source of heading or term |
SNKPH |
| 655 #7 - INDEX TERM--GENRE/FORM |
| Genre/form data or focus term |
biografie |
| Source of term |
SNKPH |
| 700 1# - ADDED ENTRY--PERSONAL NAME |
| Personal name |
Gažová, Oľga |
| Relationship |
trl |
| 700 1# - ADDED ENTRY--PERSONAL NAME |
| Personal name |
Šrámek, Karol |
| Relationship |
trl |
| 830 #0 - SERIES ADDED ENTRY--UNIFORM TITLE |
| Uniform title |
Členská knižnica |
| 910 ## - USER-OPTION DATA (OCLC) |
| User-option data |
snk |
| 942 ## - ADDED ENTRY ELEMENTS (KOHA) |
| Source of classification or shelving scheme |
Dewey Decimal Classification |
| Koha item type |
Krásna literatúra pre dospelých |
| Suppress in OPAC |
No |
| 949 ## - LOCAL PROCESSING INFORMATION (OCLC) |
| 6 |
2889074546 |
| a |
savukM 52424 |
| 949 ## - LOCAL PROCESSING INFORMATION (OCLC) |
| 6 |
2889077697 |
| a |
savukM 61825 |
| 949 ## - LOCAL PROCESSING INFORMATION (OCLC) |
| 6 |
3823001142 |
| a |
kuruktspD 1109/11 |
| b |
kuruktsp1994/001142 |
| 949 ## - LOCAL PROCESSING INFORMATION (OCLC) |
| 6 |
3830001032110 |
| a |
kurukX1/441 |
| 949 ## - LOCAL PROCESSING INFORMATION (OCLC) |
| 6 |
3830001032111 |
| a |
kurukSK-3264 |
| 949 ## - LOCAL PROCESSING INFORMATION (OCLC) |
| 6 |
4710702305 |
| 9 |
1 |
| a |
strmkB |
| b |
strmk2008/2305 |
| 949 ## - LOCAL PROCESSING INFORMATION (OCLC) |
| 6 |
17A0968937 |
| a |
snkSC 35221 |
| b |
snkKSP 178/75 |
| s |
6100:20220413 |
| 949 ## - LOCAL PROCESSING INFORMATION (OCLC) |
| 6 |
4710707159 |
| a |
strmkN 944 |
| b |
strmk2008/7159 |
| 949 ## - LOCAL PROCESSING INFORMATION (OCLC) |
| 6 |
17A0175050 |
| a |
snkSC 35221 D1 |
| 949 ## - LOCAL PROCESSING INFORMATION (OCLC) |
| 6 |
273K0001142 |
| a |
svkpoA 96807 |
| b |
svkpo221057 |
| 949 ## - LOCAL PROCESSING INFORMATION (OCLC) |
| 6 |
270001000085245 |
| a |
svkbbA 101440 |
| b |
svkbbm 631710 |
| p |
631.710 |
| 949 ## - LOCAL PROCESSING INFORMATION (OCLC) |
| 6 |
270001000200173 |
| a |
svkbbA 101440 |
| b |
svkbbm 292439 |
| p |
292.439 |
| 949 ## - LOCAL PROCESSING INFORMATION (OCLC) |
| 6 |
270001000200174 |
| a |
svkbbA 101440 |
| b |
svkbbm 292442 |
| p |
292.442 |
| 949 ## - LOCAL PROCESSING INFORMATION (OCLC) |
| 6 |
270001000200175 |
| a |
svkbbA 101440 |
| b |
svkbbm 292447 |
| p |
292.447 |